Donovaly od uhliarskej osady k stredisku cestovného ruchu

Bibliographic Details
Main Authors: Tomeček, Oto, 1974- (Author, Compiler), Baláž, Miroslav (Author), Balážovič, Ľuboš (Author), Balážovičová, Lenka, 1982- (Author), Ferenc, Štefan, 1977- (Author), Fremal, Karol, 1943-2025 (Author), Hrončeková Gregorová, Bohuslava, 1982- (Author), Kanianska, Radoslava, 1967- (Author), Krupová, Zuzana (Author), Maliniak, Pavol, 1979- (Author), Pecník, Marcel, 1983- (Author), Považan, Radoslav (Author), Spišiak, Ján (Author), Toma, Pavel (Author), Urban, Peter, 1962- (Author), Varga, Jozef (Author)
Other Authors: Cole, David A. (Translator), Spišiaková, Mária (Translator)
Format: Book
Language:Slovak
PhysicalDescription:311 strán faksimile, fotografie (prevažne farebné), grafy, mapy, tabuľky 31 cm
Published: Donovaly Obec Donovaly 2022
ISBN:9788057044543
Edition:Vydanie prvé
Subjects:

MARC

LEADER 00000cam a2200000 4500
001 vtls012224702
003 SK-MaSNL
005 20260301192412.0
008 230313s2022 xo hoabe an 000 0 slo
015 |a SNBA2023/04 
020 |a 9788057044543  |q (viazané) 
040 |a SNK  |b slo  |c SNK  |e rda 
041 1 |a slo  |b eng  |b slo 
044 |a xo  |c SK 
072 7 |a 94(437.6)  |x Dejiny Slovenska  |2 konspekt 
080 |a 911.375(091)  |2 2011 
080 |a 93/94-027.541  |2 2011 
080 |a (437.6)  |2 2011 
080 |a (048.8)  |2 2011 
100 1 |a Tomeček, Oto,  |d 1974-  |4 aut  |4 com  |9 253855 
245 1 0 |a Donovaly  |b od uhliarskej osady k stredisku cestovného ruchu  |c vedúci autorského kolektívu a zostavovateľ: Oto Tomeček ; preklad summary do angličtiny: David A. Cole, Mária Spišiaková 
250 |a Vydanie prvé 
264 1 |a Donovaly  |b Obec Donovaly  |c 2022 
300 |a 311 strán  |b faksimile, fotografie (prevažne farebné), grafy, mapy, tabuľky  |c 31 cm 
336 |a text  |b txt  |2 rdacontent 
336 |a statický obraz  |b sti  |2 rdacontent 
337 |a bez média  |b n  |2 rdamedia 
338 |a zväzok  |b nc  |2 rdacarrier 
366 |e 500 kusov 
504 |a Obsahuje bibliografiu na strane 306-311 
546 |a Anglické a slovenské resumé 
650 0 7 |a dejiny obcí  |2 SNKPH  |9 164834 
650 0 7 |a regionálne dejiny  |2 SNKPH  |9 63645 
650 0 7 |a History of municipalities  |2 SNKPHeng  |9 302507 
650 0 7 |a Regional history  |2 SNKPHeng  |9 266493 
651 7 |a Donovaly (Slovensko)  |2 SNKPHgeo  |9 14559 
651 7 |a Donovaly (Slovakia)  |2 SNKPHeng  |9 312902 
655 7 |a monografie  |2 SNKPH  |9 70139 
655 7 |a Monographs  |2 SNKPHeng  |9 120675 
700 1 |a Cole, David A.  |4 trl  |9 560939 
700 1 |a Spišiaková, Mária  |4 trl  |9 525743 
700 1 |a Baláž, Miroslav  |4 aut  |9 444948 
700 1 |a Balážovič, Ľuboš  |4 aut  |9 497895 
700 1 |a Balážovičová, Lenka,  |d 1982-  |4 aut  |9 254083 
700 1 |a Ferenc, Štefan,  |d 1977-  |4 aut  |9 179235 
700 1 |a Fremal, Karol,  |d 1943-2025  |4 aut  |9 92184 
700 1 |a Hrončeková Gregorová, Bohuslava,  |d 1982-  |4 aut  |9 254066 
700 1 |a Kanianska, Radoslava,  |d 1967-  |4 aut  |9 253957 
700 1 |a Krupová, Zuzana  |4 aut  |9 91144 
700 1 |a Maliniak, Pavol,  |d 1979-  |4 aut  |9 200105 
700 1 |a Pecník, Marcel,  |d 1983-  |4 aut  |9 99239 
700 1 |a Považan, Radoslav  |4 aut  |9 318050 
700 1 |a Spišiak, Ján  |4 aut  |9 155418 
700 1 |a Toma, Pavel  |4 aut  |9 543584 
700 1 |a Tomeček, Oto,  |d 1974-  |4 aut  |9 253855 
700 1 |a Urban, Peter,  |d 1962-  |4 aut  |9 85872 
700 1 |a Varga, Jozef  |4 aut  |9 5136 
852 |a Slovenská národná knižnica 
919 |a 978-80-570-4454-3 
954 |a odborná, vedecká literatúra pôvodná (slovenská)  |2 lita 
958 |a NB 
999 |c 874113  |d 876043 
952 |a SNK  |b SNK  |y PREZ  |7 0  |p 17A1527031  |o snkSB 98961  |i snk2023/5486  |8 0  |0 0  |1 0  |4 0  |d 2023-04-03  |f 1  |l 0  |r 2025-05-19 00:00:00  |w 2026-02-24